Vista normal Vista MARC

Entrada Materia (personas)

Número de registros utilizados en: 2

001 - CONTROL NUMBER

  • control field: 71657

003 - CONTROL NUMBER IDENTIFIER

  • control field: Co-BoUCM

005 - DATE AND TIME OF LATEST TRANSACTION

  • control field: 20150922160349.0

008 - FIXED-LENGTH DATA ELEMENTS

  • fixed length control field: 150922|| aca||aabn | a|a d

040 ## - CATALOGING SOURCE

  • Original cataloging agency: Co-BoUCM
  • Transcribing agency: Co-BoUCM

100 ## - HEADING--PERSONAL NAME

  • Personal name: Sherwell, Guillermo A.
  • Dates associated with a name: 1878-1926
  • Fuller form of name: (Guillermo Antonio)

670 ## - SOURCE DATA FOUND

  • Source citation: Work cat.: (Co-BoUCM): Sherwell, Guillermo A. 1878-1926 (Guillermo Antonio), Simón Bolívar (El libertador), 1921